000
00266nam a2200097Ia 4500
008
200302s9999 xx 000 0 und d
100
_a
Arian Mostaedi
245
_a
Sustainable Arechitecture Low Tech Houses
260
_b
Carles Broto & Josep M Minguet
300
_a
178 P.,
999
_c
5900
_d
5900